Faust et le second Faust / (Record no. 104905)

MARC details
000 -LEADER
campo de control de longitud fija 01022nam a2200265 i 4500
001 - NÚMERO DE CONTROL
campo de control 104905
003 - IDENTIFICADOR DE NÚMERO DE CONTROL
campo de control ES-MaACL
005 - FECHA Y HORA DE LA ÚLTIMA TRANSACCIÓN
campo de control 20250618142616.0
007 - CAMPO FIJO DE DESCRIPCIÓN FÍSICA--INFORMACIÓN GENERAL
campo de control de longitud fija t|
008 - DATOS DE LONGITUD FIJA--INFORMACIÓN GENERAL
campo de control de longitud fija 060523q19001999fr ||||1| fre d
080 ## - NÚMERO DE LA CLASIFICACIÓN DECIMAL UNIVERSAL
Número de la Clasificación Decimal Universal 821.112.2-23"17"
100 1# - ENTRADA PRINCIPAL--NOMBRE DE PERSONA
Nombre de persona Goethe, Johann Wolfgang von,
Fechas asociadas al nombre 1749-1832
9 (RLIN) 57568
245 10 - MENCIÓN DEL TÍTULO
Título Faust et le second Faust /
Mención de responsabilidad, etc. [Goethe] ; traduction de Gérard de Nerval ; préface par Henri Clouard ; texte établi avec relevé de variantes et notes par Maurice Allemand ; illustrations de Delacroix.
260 ## - PUBLICACIÓN, DISTRIBUCIÓN, ETC.
Lugar de publicación, distribución, etc. [Paris] :
Nombre del editor, distribuidor, etc. Garnier,
Fecha de publicación, distribución, etc. [19-?]
300 ## - DESCRIPCIÓN FÍSICA
Extensión XIX, 374 p. ;
Dimensiones 21 cm.
490 1# - MENCIÓN DE SERIE
Mención de serie Les classiques immortels
500 ## - NOTA GENERAL
Nota general Biblioteca Jacinto Martínez Lacalle.
700 0# - ENTRADA AGREGADA--NOMBRE PERSONAL
Nombre de persona Nerval, Gérard de,
Fechas asociadas al nombre 1808-1855
9 (RLIN) 85401
700 1# - ENTRADA AGREGADA--NOMBRE PERSONAL
Nombre de persona Clouard, Henri.
9 (RLIN) 39298
700 1# - ENTRADA AGREGADA--NOMBRE PERSONAL
Nombre de persona Allemand, Maurice.
9 (RLIN) 19974
700 0# - ENTRADA AGREGADA--NOMBRE PERSONAL
Nombre de persona Delacroix, Eugène,
Fechas asociadas al nombre 1798-1863
9 (RLIN) 43285
830 0# - PUNTO DE ACCESO ADICIONAL DE SERIE-TÍTULO UNIFORME
Título uniforme Les classiques immortels
9 (RLIN) 232662
852 ## - LOCALIZACIÓN
Ubicación ES-MaACL
Número de control de estantería E-11230
Sublocalización o colección R.138927
Holdings
Estatus retirado Estado de pérdida Estado de daño No para préstamo Colección Biblioteca de origen Biblioteca actual Ubicación en estantería Fecha de adquisición Fuente de adquisición Total de préstamos Signatura topográfica completa Código de barras Visto por última vez Precio de reemplazo Tipo de ítem Koha
        Libros del s. XIX Biblioteca del Ateneo de Madrid Biblioteca del Ateneo de Madrid Depósito 2 17/01/2008     E-11230 1109519 23/02/2023 23/02/2023 Libro impreso antiguo